Logo BPK

Biblioteka

Politechniki Koszalińskiej

Tuning in the USA : (Rekord nr 49647)

Szczegóły MARC
000 -ETYKIETA REKORDU
podpole kontrolne o stałej długości 00826nam a2200253 i 4500
001 - NUMER KONTROLNY REKORDU
pole kontrolne bg
020 ## - MIĘDZYNARODOWY ZNORMALIZOWANY NUMER KSIĄŻKI - ISBN
ISBN 0023454733
040 ## - ŹRÓDŁO KATALOGOWANIA
Instytucja, która utworzyła rekord BPK
041 0# - KOD JĘZYKA
Kod języka tekstu eng
044 ## - KOD KRAJU WYDAWCY/PRODUCENTA
Kod kraju wydawcy/producenta USA
080 ## - UNIWERSALNA KLASYFIKACJA DZIESIĘTNA - UKD
UKD 811.111(07)
920 ## - Międzynarodowy znormalizowany numer książki – ISBN
ISBN 0-02-345473-3
008 - POLE O STAŁEJ DŁUGOŚCI - DANE KONTROLNE
podpole kontrolne o stałej długości 100830s1990 us |001 0 eng
100 1# - NAZWA OSOBOWA
Nazwa osobowa Leigh, Stuart.
245 00 - TYTUŁ/ODPOWIEDZIALNOŚĆ
Tytuł Tuning in the USA :
Ciąg dalszy tytułu listener's guide 1 : programs 1-26 /
Pozostałe elementy strefy tytułu i oznaczenia odpowiedzialności radio plays by Stuart Leigh and Rebecca Kalin ; characters created by Alvin Cooperman and George Lefferts.
260 ## - STREFA ADRESU WYDAWNICZEGO
Miejsce wydania New York [etc.] :
Nazwa wydawcy/dystrybutora Maxwell Macmillan International Publishing Group ;
-- Collier Macmillan,
Data publikacji, dystrybucji/powstania dokumentu cop. 1990.
300 ## - STREFA OPISU FIZYCZNEGO
Objętość VIII, 168 s. :
Inne cechy fizyczne il. ;
Rozmiary 28 cm.
650 #4 - HASŁO PRZEDMIOTOWE W FORMIE NAZWY OGÓLNEJ LUB JEDNOSTKOWEJ
Nazwa ogólna lub geograficzna Język angielski
655 ## - TERMIN INDEKSOWY - OKREŚLENIE RODZAJU/FORMY DOKUMENTU
Określenie rodzaju/formy dokumentu Podręczniki
700 1# - HASŁO DODATKOWE - NAZWA OSOBOWA
Nazwa osobowa Kalin, Rebecca.
700 1# - HASŁO DODATKOWE - NAZWA OSOBOWA
Nazwa osobowa Cooperman, Alvin.
700 1# - HASŁO DODATKOWE - NAZWA OSOBOWA
Nazwa osobowa Lefferts, George.
942 ## - DODATKOWE ELEMENTY (KOHA)
Typ dokumentu Książka
Egzemplarze
Wycofany Status egzemplarza Uszkodzony Dostępność Lokalizacja stała Lokalizacja bieżąca Numer ubytku Sygnatura Kod kreskowy Typ dokumentu Miejsce przechowywania Ostatnio wypożyczono
  Egz. niedostępny   Niedostępny Biblioteka Politechniki Koszalińskiej Biblioteka Politechniki Koszalińskiej p.ew. S 1410 02140780 Książka    
      Dostępny Biblioteka Politechniki Koszalińskiej Biblioteka Politechniki Koszalińskiej   S 1411 02140773 Książka Wypożyczalnia Językowa  
      Dostępny Biblioteka Politechniki Koszalińskiej Biblioteka Politechniki Koszalińskiej   S 1412 02140766 Książka Wypożyczalnia Językowa  
      Dostępny Biblioteka Politechniki Koszalińskiej Biblioteka Politechniki Koszalińskiej   S 1413 02140759 Książka Wypożyczalnia Językowa 24.09.2018
© 2023 Biblioteka Politechniki Koszalińskiej :: KOHA